000 00807nmc a2200289 a 4500
003 AR-BaBNM
005 20251128205121.0
008 256019s1994 ||||||||||||||000 | spa||
020 _a968-16-4485-9
040 _cAR-BaBNM
100 1 _aCasares Arrangoiz, David
245 1 0 _aLiderazgo
_bcapacidades para dirigir
250 _a1ª ed.
260 _aMéxico, D.F.
_bFondo de Cultura Económica
_c1994
300 0 _a181 p.
490 0 _aAdministración pública
500 0 _aContiene referencias bibliográficas en p. 175
650 4 _aLIDERAZGO
650 4 _aSOCIOLOGIA OCUPACIONAL
650 4 _aSOCIOLOGIA POLITICA
650 4 _aGRUPOS DE TRABAJO
650 4 _aRELACIONES PUBLICAS
650 4 _aRELACIONES LABORALES
650 4 _aTOMA DE DECISIONES
942 _cBK
998 _cMARTIN
999 _c10055
_d10055